| 000 | 00698nam a2200253Ia 4500 | ||
|---|---|---|---|
| 001 | 20213 | ||
| 005 | 20240114000506.0 | ||
| 007 | ta | ||
| 008 | 060220s 190 a g b000 u 465 u | ||
| 040 | _aCotton College,Assam | ||
| 041 | _a465 | ||
| 082 |
_a821 _bC 771 Se |
||
| 100 | _aCook, Albert S. . | ||
| 245 | 0 |
_aSelect Translations from old English Poetry / _cAlbert S. Cook & Chauncey B. Tinker. _hTextual Documents |
|
| 250 | _a1st ed. / | ||
| 260 |
_aBoston : _bGinn & Co , _cC 1902. |
||
| 300 |
_a193p. : _bill ; _c17cm . |
||
| 504 | _aIndex | ||
| 653 | _aEnglish poetry | ||
| 700 | _aTinker, Chauncey B. . | ||
| 942 |
_2ddc _cBK |
||
| 999 |
_c20195 _d20195 |
||